|
|
|
|
| LEADER |
00000nam0a2200000 4500 |
| 001 |
294500 |
| 005 |
20231101001927.0 |
| 035 |
|
|
|a (RuTPU)RU\TPU\book\319573
|
| 035 |
|
|
|a RU\TPU\book\294471
|
| 090 |
|
|
|a 294500
|
| 100 |
|
|
|a 20150514d1984 km y0rusy50 ca
|
| 101 |
0 |
|
|a rus
|
| 102 |
|
|
|a RU
|
| 105 |
|
|
|a a z 001zy
|
| 200 |
1 |
|
|a Наука и человечество. Доступно и точно о главном в мировой науке. 1984
|e международный ежегодник
|f под ред. Е. Б. Этингофа
|
| 210 |
|
|
|a Москва
|c Знание
|d 1984
|
| 215 |
|
|
|a 400 с.
|c ил.
|
| 320 |
|
|
|a Библиогр.: с. 397-398
|
| 606 |
1 |
|
|a Научные открытия
|2 stltpush
|3 (RuTPU)RU\TPU\subj\45071
|
| 610 |
1 |
|
|a человек
|
| 610 |
1 |
|
|a Земля
|
| 610 |
1 |
|
|a микромир
|
| 610 |
1 |
|
|a Вселенная
|
| 610 |
1 |
|
|a технический прогресс
|
| 686 |
|
|
|a Ч21
|v LBC/SL-A
|2 rubbk
|
| 702 |
|
1 |
|a Этингоф
|b Е. Б.
|4 340
|
| 801 |
|
1 |
|a RU
|b 63413507
|c 20140312
|
| 801 |
|
2 |
|a RU
|b 63413507
|c 20220111
|g RCR
|
| 942 |
|
|
|c BK
|